[Event "Ruhrgebiet Bezirksliga 17/18"]
[Site "Ruhrgebiet"]
[Date "2018.02.18"]
[Round "7.6"]
[White "Hoffmann, Eckhard"]
[Black "Martens, Dorothea"]
[Result "0-1"]
[WhiteElo "1400"]
[BlackElo "1548"]
[PlyCount "124"]
[EventDate "2017.09.03"]
[EventType "team-tourn"]
[EventRounds "9"]
[EventCountry "GER"]
[SourceTitle "EXT 2022"]
[Source "ChessBase"]
[SourceDate "2021.10.06"]
[SourceVersion "1"]
[SourceVersionDate "2021.10.06"]
[SourceQuality "1"]
[WhiteTeam "Unna SV II"]
[BlackTeam "Boenen SV II"]
[WhiteTeamCountry "GER"]
[BlackTeamCountry "GER"]

1. e4 e6 2. d4 d5 3. Nc3 Bb4 4. e5 Ne7 5. Nf3 h6 6. a3 Bxc3+ 7. bxc3 a6 8. Bd3 Nd7 9. 0-0 c5 10. Re1 c4 11. Bf1 Qa5 12. Bd2 b5 13. Qb1 Nc6 14. Qb2 Rb8 15. Reb1 Nb6 16. Qc1 Na4 17. Qe1 Qd8 18. g3 0-0 19. Nh4 g5 20. Ng2 f6 21. f4 g4 22. Nh4 Kg7 23. Qe2 h5 24. h3 f5 25. hxg4 hxg4 26. Bh3 gxh3 27. Qh5 Qe8 28. Qg5+ Kh7 29. Nf3 Qg6 30. Kf2 Qxg5 31. Nxg5+ Kg7 32. Rh1 Rh8 33. Rh2 Bd7 34. Rah1 a5 35. Rxh3 Rxh3 36. Rxh3 Rh8 37. Rxh8 Kxh8 38. Kf3 b4 39. axb4 axb4 40. cxb4 Nxd4+ 41. Kf2 Nxc2 42. b5 Na3 43. b6 Nxb6 44. Ba5 Na4 45. Bb4 Nb5 46. Ke2 Kg7 47. Nf3 Kg6 48. Ne1 Kh5 49. Nc2 Kg4 50. Be1 Nbc3+ 51. Kf2 Ne4+ 52. Kg2 c3 53. Ne3+ Kh5 54. Nc2 Nac5 55. Nb4 d4 56. Kf3 d3 57. Ke3 d2 58. Bxd2 cxd2 59. Ke2 Ba4 60. Nc2 Bxc2 61. g4+ Kxg4 62. Ke3 Kh5 0-1